Aktuárske vedy v podmienkach poistného trhu Slovenskej republiky 8. odborný seminár : 29.6.-1.7.2011 Trenčianske Teplice [zborník abstraktov]

Na minha lista:
Detalhes bibliográficos
Corporate Authors: Aktuárske vedy v podmienkach poistného trhu Slovenskej republiky. Odborný seminár, Fakulta hospodárskej informatiky EU. Katedra matematiky
Outros Autores: Kaderová, Andrea
Formato: Livro
Idioma:eslovaco
Publicado em: Bratislava Vydavateľstvo EKONÓM [2011]
Assuntos:
Tags: Adicionar Tag
Sem tags, seja o primeiro a adicionar uma tag!

MARC

LEADER 00000nlm$a2200000$$$4500
001 0134839
005 20240502072519.9
020 |a 978-80-225-3211-2 
041 0 |a slo 
044 |a SK 
245 1 0 |a Aktuárske vedy v podmienkach poistného trhu Slovenskej republiky  |b 8. odborný seminár : 29.6.-1.7.2011 Trenčianske Teplice [zborník abstraktov]  |c zostavovateľ: Andrea Kaderová 
264 1 |a Bratislava  |b Vydavateľstvo EKONÓM  |c [2011] 
300 |a CD-ROM [53 s.] 
610 2 0 |a trh poistný 
610 2 0 |a poistenie životné 
610 2 0 |a modely 
610 2 0 |a metódy aktuárske 
610 2 0 |a aktuári 
610 2 0 |a riziko 
610 2 0 |a riziko poistné 
610 2 0 |a matematika finančná 
610 2 0 |a poistenie neživotné 
610 2 0 |a zabezpečenie dôchodkové 
610 2 0 |a fondy penzijné 
610 2 0 |a systémy dôchodkové 
610 2 0 |a Slovensko 
610 2 0 |a Európska únia 
700 1 |a Kaderová, Andrea 
110 2 |a Aktuárske vedy v podmienkach poistného trhu Slovenskej republiky. Odborný seminár 
710 2 |a Fakulta hospodárskej informatiky EU. Katedra matematiky